Statistics for Risk Territories With Alternate Names

Click here to take the quiz!

General Stats

  • This quiz has been taken 13 times
  • The average score is 9 of 17

Answer Stats

Answer% Correct
Siam
100%
Great Britain
78%
Russia
78%
Eastern Europe
67%
Alberta
56%
Congo
56%
India
56%
Ontario
56%
Quebec
56%
Southeast Asia
56%
Ukraine
56%
Central Africa
44%
Hindustan
33%
Central Canada
22%
Eastern Canada
22%
Great Britain and Ireland
22%
Western Canada
22%

Score Distribution

Percentile by Number Answered

Percent of People with Each Score

Your Score History

You have not taken this quiz